000 01811cam a22005174i 4500
003 PE-LiUPU
005 20250731165643.0
008 150616s r 000 0 d
020 _a0802824285
035 _a(Sirsi) i9780802824288
040 _aPE-LiUPU
_bspa
_cPE-LiUPU
_erda
049 _aPRUA
082 0 4 _a262.52d
_bL85
_221
100 1 _aLossky, Nicholas,
_eautor.
245 1 0 _aDictionary of the Ecumenical Movement.
264 1 _aGrand Rapids, Michigan :
_bWilliam B. Eerdmans Publishing Co.,
_c1991.
300 _a1196 páginas ;
_c25 centímetros
336 _atext
_2rdacontent
337 _aunmediated
_2rdamedia
338 _avolume
_2rdacarrier
504 _aBibliografía al final de cada palabra.
505 0 _aDiccionario del movimiento ecuménico desde la A hasta la Z Diccionario.
526 _aSEG44
526 _aSEG26
526 _aP151
526 _aP150
526 _aP149
526 _aP146
526 _aP145
526 _aP126
526 _aP125
526 _aP92
526 _aP75
526 _aP74
526 _aP27
526 _aP15
650 0 4 _aECUMENISMO - DICCIONARIOS (A-Z).
700 1 _aJosé Míguez BoninoJohn Pobee.
910 _ajck
_bjvq
_cjck
942 _2ddc
_cBOOK
949 _aRC 262.52D L85
_wDEWEY
_c1
_i40650
_lCCODEBUL1
_mBUL
_r0
_sY
_tBOOK
_u2015-6-16
_xTEOLOGIA
_zUNKNOWN
_0COMPRA
_o.CIRCNOTE. No olvidar cambiar la fecha de devolución!!!!!!!
_o.STAFF. Colección General
994 _aC0
_bPEPRU
596 _a1
999 _aRC 262.52D L85
_wDEWEY
_c58440
_i40650
_f2021-11-8
_g6
_lCCODEBUL1
_mBUL
_r1
_sY
_tBOOK
_u2015-6-16
_xTEOLOGIA
_zUNKNOWN
_0COMPRA
_o.CIRCNOTE. No olvidar cambiar la fecha de devolución!!!!!!!
_o.STAFF. Colección General
_d58440
980 _81
_gALBERTO SANCHEZ Responsable de Automatización